Film art : an introduction
Αποθηκεύτηκε σε:
| Κύριοι συγγραφείς: | , |
|---|---|
| Μορφή: | Βιβλίο |
| Γλώσσα: | English |
| Δημοσίευση: |
New York :
McGraw Hill,
c2001.
|
| Έκδοση: | 6η εκδ. |
| Θέματα: | |
| Ετικέτες: |
Προσθήκη ετικέτας
Δεν υπάρχουν, Καταχωρήστε ετικέτα πρώτοι!
|
MARC
| LEADER | 00000cam a2200000 i 4500 | ||
|---|---|---|---|
| 001 | 1/34836 | ||
| 008 | 030328s2001 nyu| ||| |||| ||eng|| | ||
| 020 | |a 0072317256 | ||
| 035 | |l 10069771 | ||
| 040 | |a GR-MyUa |b gre |e AACR2 | ||
| 041 | 0 | |a eng | |
| 082 | 7 | |a 791.4301 |2 (21) | |
| 100 | 1 | |a Bordwell, David. | |
| 245 | 1 | 0 | |a Film art : |b an introduction / |c David Bordwell, Kristin Thompson. |
| 250 | |a 6η εκδ. | ||
| 260 | |a New York : |b McGraw Hill, |c c2001. | ||
| 300 | |a xx, 458 σ. : |b εικ. (μερ. έγχρ.) ; |c 27 εκ. | ||
| 504 | |a Περιλαμβάνει βιβλιογραφίες και ευρετήριο. | ||
| 650 | 0 | |a Motion pictures |x Aesthetics. | |
| 700 | 1 | |a Thompson, Kristin, |d 1950- |e aut | |
| 767 | 0 | 8 | |i Μεταφρασμένο ως: |t Εισαγωγή στην τέχνη του κινηματογράφου / |
| 770 | 0 | 8 | |i Έχει συμπλήρωμα το: |t The McGraw-Hill film viewer's guide / |
| 852 | |a INST |b SYROS |e 20030328 |h 791.4301 BOR |p 005500002459 |q 005500002459 |t BK |y 0 | ||
| 901 | |a BIBL5-2003-1 | ||
| 970 | |a Μανωλαράκη |b Μαρία |z 28/03/2003 | ||